[Event "C.to Regionale Valle d'Aosta"]
[Site "Saint Vincent - Chatillon ITA"]
[Date "2001.09.18"]
[Round "4"]
[White "Bozzali, Ermanno"]
[Black "Uhoda, Philippe"]
[Result "0-1"]
[WhiteElo "2099"]
[BlackElo "2205"]
[PlyCount "44"]
[EventDate "2001.09.15"]

1.d4 Nf6 2.c4 g6 3.Nc3 Bg7 4.e4 d6 5.f3 O-O 6.Be3 Nc6 7.Nge2 a6 8.Qd2 Nd7 
9.h4 h5 10.O-O-O e5 11.d5 Na5 12.Ng1 b5 13.cxb5 axb5 14.Bxb5 Ba6 15.Qd3 
Bxb5 16.Qxb5 Qe7 17.b3 Rfb8 18.Qd3 Nc5 19.Bxc5 dxc5 20.d6 cxd6 21.Qxd6 Qa7
22.Qd7 Nxb3+ 0-1

[Event "C.to Regionale Valle d'Aosta"]
[Site "Saint Vincent - Chatillon ITA"]
[Date "2001.09.18"]
[Round "4"]
[White "Catalano, Luigi"]
[Black "Zito, Domenico"]
[Result "1-0"]
[WhiteElo "1570"]
[BlackElo "1678"]
[PlyCount "71"]
[EventDate "2001.09.15"]

1.e4 d6 2.c4 Nf6 3.Nc3 g6 4.d4 Bg7 5.Nf3 O-O 6.Be3 c6 7.h3 Re8 8.Be2 Nbd7 
9.O-O Nf8 10.Qd2 N6d7 11.Rad1 Ne6 12.Nh2 c5 13.Nf3 cxd4 14.Nxd4 Ndc5 15.f4
Nxd4 16.Bxd4 Bxd4+ 17.Qxd4 Ne6 18.Qd2 Qb6+ 19.Kh2 Ng7 20.b3 Be6 21.Rf3 
Rad8 22.Rdf1 f5 23.Qc2 Qd4 24.Rd1 Qc5 25.Bd3 a6 26.exf5 Bxf5 27.Bxf5 Nxf5 
28.Nd5 Nd4 29.Qe4 Nxf3+ 30.Qxf3 Qc8 31.Re1 Kf7 32.Ne3 Qc6 33.Qg4 e6 34.Qh4
Kg8 35.Ng4 Kh8 36.Qf6+ 1-0

[Event "C.to Regionale Valle d'Aosta"]
[Site "Saint Vincent - Chatillon ITA"]
[Date "2001.09.18"]
[Round "4"]
[White "Crea, Vincenzo"]
[Black "Yeuillaz, Corrado"]
[Result "0-1"]
[WhiteElo "2087"]
[BlackElo "2249"]
[PlyCount "66"]
[EventDate "2001.09.15"]

1.d4 Nf6 2.Nf3 g6 3.Bf4 Bg7 4.e3 d6 5.h3 Nbd7 6.Be2 O-O 7.O-O c6 8.c4 Qe8 
9.Nc3 e5 10.Bh2 Qe7 11.Re1 Re8 12.Qc2 e4 13.Nd2 Nf8 14.b4 h5 15.c5 d5 16.
b5 N8h7 17.bxc6 bxc6 18.Qa4 Qd7 19.Ba6 h4 20.Rab1 g5 21.Ne2 Bh6 22.Bd6 g4 
23.hxg4 Nxg4 24.Nf4 Bf8 25.Bxf8 Kxf8 26.Bxc8 Qxc8 27.Rb4 Ng5 28.Reb1 h3 
29.gxh3 Nxe3 30.fxe3 Nxh3+ 31.Nxh3 Qxh3 32.Nf1 Re6 33.Kf2 Rf6+ 0-1

[Event "C.to Regionale Valle d'Aosta"]
[Site "Saint Vincent - Chatillon ITA"]
[Date "2001.09.18"]
[Round "4"]
[White "Scotti, Umberto"]
[Black "Degembe, Pierre"]
[Result "1/2-1/2"]
[WhiteElo "2162"]
[BlackElo "2137"]
[PlyCount "33"]
[EventDate "2001.09.15"]

1.d4 Nf6 2.Nf3 g6 3.c4 Bg7 4.b3 O-O 5.Bb2 b6 6.g3 Bb7 7.Bg2 e6 8.O-O c5 9.
Nc3 cxd4 10.Nxd4 Bxg2 11.Kxg2 d5 12.cxd5 Nxd5 13.e3 Nxc3 14.Bxc3 Qd5+ 15.
Kg1 Rd8 16.Nb5 Qxd1 17.Raxd1 1/2-1/2

[Event "C.to Regionale Valle d'Aosta"]
[Site "Saint Vincent - Chatillon ITA"]
[Date "2001.09.19"]
[Round "5"]
[White "Andre, Damien"]
[Black "Bozzali, Ermanno"]
[Result "1/2-1/2"]
[WhiteElo "2029"]
[BlackElo "2099"]
[PlyCount "72"]
[EventDate "2001.09.15"]

1.e4 c5 2.Nc3 Nc6 3.g3 g6 4.Bg2 Bg7 5.d3 d6 6.Be3 e6 7.Qd2 Nge7 8.Bh6 Bxh6
9.Qxh6 Nd4 10.O-O-O b5 11.h4 b4 12.Nce2 e5 13.Nxd4 cxd4 14.h5 Ng8 15.Qg7 
Qf6 16.h6 Be6 17.Bh3 Ke7 18.f4 a5 19.Kb1 a4 20.Bxe6 Kxe6 21.Nh3 a3 22.fxe5
Qxe5 23.Rdf1 Nf6 24.Nf4+ Kd7 25.Qxf7+ Kc6 26.Qc4+ Qc5 27.Qxc5+ dxc5 28.
Nxg6 Nxe4 29.dxe4 hxg6 30.Rf6+ Kb5 31.Rxg6 Raf8 32.bxa3 bxa3 33.Kc1 Kc4 
34.e5 Rf2 35.Rf6 Re2 36.e6 Rb8 1/2-1/2

[Event "C.to Regionale Valle d'Aosta"]
[Site "Saint Vincent - Chatillon ITA"]
[Date "2001.09.19"]
[Round "5"]
[White "Catalano, Luigi"]
[Black "Barlocco, Carlo"]
[Result "0-1"]
[WhiteElo "1570"]
[BlackElo "2130"]
[PlyCount "62"]
[EventDate "2001.09.15"]

1.e4 Nf6 2.d3 d5 3.exd5 Nxd5 4.g3 g6 5.Bg2 Bg7 6.Nf3 O-O 7.O-O Nc6 8.c3 
Bf5 9.Re1 Qd7 10.Nh4 Bh3 11.Nd2 Bxg2 12.Nxg2 Rad8 13.Nf3 Nb6 14.d4 h6 15.
Qc2 Rfe8 16.Be3 Qg4 17.Nfh4 e5 18.f3 Qc8 19.dxe5 Nxe5 20.Rad1 Rxd1 21.Rxd1
g5 22.f4 gxh4 23.fxe5 hxg3 24.hxg3 Nc4 25.Bf4 Nxe5 26.Nh4 Qg4 27.Re1 Re6 
28.Kg2 Ng6 29.Be3 Nxh4+ 30.Kh1 Qh3+ 31.Qh2 Qxh2+ 0-1

[Event "C.to Regionale Valle d'Aosta"]
[Site "Saint Vincent - Chatillon ITA"]
[Date "2001.09.19"]
[Round "5"]
[White "Crea, Vincenzo"]
[Black "Scotti, Umberto"]
[Result "1/2-1/2"]
[WhiteElo "2087"]
[BlackElo "2162"]
[PlyCount "45"]
[EventDate "2001.09.15"]

1.d4 e6 2.Nf3 f5 3.Bf4 Nf6 4.e3 Be7 5.c4 d5 6.Nc3 c6 7.Be2 O-O 8.O-O Bd7 
9.Qb3 Bc8 10.Qd1 Ne4 11.Bxb8 Rxb8 12.Ne5 Bd7 13.Rc1 Bd6 14.f4 Qe7 15.Nxe4 
fxe4 16.c5 Bxe5 17.fxe5 Rxf1+ 18.Bxf1 Qg5 19.Qe1 Be8 20.Rc2 Bh5 21.Rf2 h6 
22.Rf4 b6 23.cxb6 1/2-1/2

[Event "C.to Regionale Valle d'Aosta"]
[Site "Saint Vincent - Chatillon ITA"]
[Date "2001.09.19"]
[Round "5"]
[White "Degembe, Pierre"]
[Black "De Santis, Alessio"]
[Result "0-1"]
[WhiteElo "2137"]
[BlackElo "2353"]
[PlyCount "68"]
[EventDate "2001.09.15"]

1.c4 f5 2.g3 Nf6 3.Bg2 g6 4.Nc3 Bg7 5.e3 O-O 6.Nge2 d6 7.O-O a5 8.d4 c6 9.
b3 Na6 10.Bb2 Bd7 11.Qd2 Rb8 12.Rfd1 Nc7 13.d5 Na6 14.dxc6 bxc6 15.Nf4 Nc5
16.Qc2 Qe8 17.Nd3 Nce4 18.Ne2 Ng5 19.c5 d5 20.Be5 Nf7 21.Bxb8 Qxb8 22.Rab1
e5 23.a3 e4 24.Ne1 g5 25.b4 axb4 26.axb4 Ne5 27.Nd4 Qe8 28.Qe2 Bh6 29.Bh3 
f4 30.Bxd7 Qxd7 31.exf4 gxf4 32.f3 fxg3 33.hxg3 Qh3 34.Qh2 Be3+ 0-1

[Event "C.to Regionale Valle d'Aosta"]
[Site "Saint Vincent - Chatillon ITA"]
[Date "2001.09.19"]
[Round "5"]
[White "Uhoda, Philippe"]
[Black "Yeuillaz, Corrado"]
[Result "1/2-1/2"]
[WhiteElo "2205"]
[BlackElo "2249"]
[PlyCount "39"]
[EventDate "2001.09.15"]

1.d4 d5 2.c4 e6 3.Nc3 Nf6 4.Nf3 Nbd7 5.cxd5 exd5 6.Bf4 c6 7.Qc2 Be7 8.e3 
O-O 9.Bd3 Re8 10.h3 a6 11.g4 Bb4 12.O-O-O Bxc3 13.Qxc3 Ne4 14.Qc2 c5 15.
Kb1 b5 16.Bxe4 dxe4 17.dxc5 exf3 18.c6 Qe7 19.cxd7 Bxd7 20.Rd4 1/2-1/2

[Event "C.to Regionale Valle d'Aosta"]
[Site "Saint Vincent - Chatillon ITA"]
[Date "2001.09.20"]
[Round "6"]
[White "Aurel, Luc"]
[Black "Crea, Vincenzo"]
[Result "1-0"]
[WhiteElo "2212"]
[BlackElo "2087"]
[PlyCount "83"]
[EventDate "2001.09.15"]

1.e4 e6 2.d3 d5 3.Nd2 Nf6 4.g3 c5 5.Bg2 Nc6 6.Ngf3 Be7 7.O-O O-O 8.Re1 b5 
9.h4 a5 10.e5 Nd7 11.Nf1 b4 12.Bf4 Ba6 13.N1h2 a4 14.a3 bxa3 15.bxa3 Rb8 
16.Ng5 h6 17.Qh5 Nd4 18.Red1 hxg5 19.hxg5 g6 20.Qh4 Nf5 21.Qg4 Kg7 22.Re1 
Rb6 23.Bc1 Rh8 24.Qxa4 c4 25.dxc4 Bxc4 26.Qa5 Bxg5 27.Qc3 Bxc1 28.Raxc1 
Qc8 29.Ng4 Ba6 30.Qd2 Qc4 31.Ne3 Nxe3 32.Qxe3 Qc5 33.Qf4 Rb2 34.g4 Rc8 35.
c4 Bxc4 36.Re3 Qe7 37.Bf1 Nb6 38.Rh3 Rh8 39.Rxh8 Kxh8 40.Rc3 Qf8 41.Qf6+ 
Kh7 42.Rh3+ 1-0

[Event "C.to Regionale Valle d'Aosta"]
[Site "Saint Vincent - Chatillon ITA"]
[Date "2001.09.20"]
[Round "6"]
[White "Bozzali, Ermanno"]
[Black "Barlocco, Carlo"]
[Result "1-0"]
[WhiteElo "2099"]
[BlackElo "2130"]
[PlyCount "73"]
[EventDate "2001.09.15"]

1.e4 Nc6 2.Nf3 d6 3.d4 Bg4 4.Bb5 a6 5.Ba4 b5 6.Bb3 e6 7.c3 Nf6 8.Nbd2 Be7 
9.h3 Bh5 10.O-O O-O 11.Re1 Na5 12.Bc2 c5 13.e5 Nd5 14.dxc5 dxc5 15.Qe2 c4 
16.Ne4 Nc6 17.g4 Bg6 18.Ng3 Bxc2 19.Qxc2 Qc7 20.Qe4 Na5 21.Bg5 h6 22.Bxe7 
Qxe7 23.h4 Nb7 24.g5 hxg5 25.Nxg5 g6 26.b4 Kg7 27.Nh5+ Kh6 28.Nf6 Rad8 29.
Kg2 Rh8 30.Rh1 Kg7 31.Qf3 Nc7 32.Qxb7 Rd3 33.Qe4 Rxc3 34.Rad1 Rd8 35.Rxd8 
Qxd8 36.h5 gxh5 37.Qh7+ 1-0

[Event "C.to Regionale Valle d'Aosta"]
[Site "Saint Vincent - Chatillon ITA"]
[Date "2001.09.20"]
[Round "6"]
[White "De Santis, Alessio"]
[Black "Uhoda, Philippe"]
[Result "0-1"]
[WhiteElo "2353"]
[BlackElo "2205"]
[PlyCount "122"]
[EventDate "2001.09.15"]

1.d4 d6 2.c4 e5 3.d5 f5 4.Nc3 Nf6 5.g3 Be7 6.Bg2 O-O 7.Nf3 Na6 8.Nd2 Qe8 
9.Rb1 Bd7 10.b4 e4 11.Qb3 Ng4 12.Nd1 Ba4 13.Qa3 Bxd1 14.h3 Nxf2 15.Kxf2 
Bc2 16.Rb2 Ba4 17.Nf1 Bf6 18.b5 Nc5 19.Rb4 Bc2 20.Ne3 Bd4 21.Ke1 Bd3 22.
Kd1 Qg6 23.exd3 Nxd3 24.Rb3 Qxg3 25.Rxd3 exd3 26.Qxd3 Bxe3 27.Qxe3 Qxg2 
28.Rg1 Qe4 29.Qc3 Qe5 30.Qd2 Qe4 31.Qc3 Qe5 32.Qd2 Qe7 33.Bb2 Rf7 34.Re1 
Qh4 35.Qc3 Re7 36.Rg1 Qh5+ 37.Kc2 Qf7 38.h4 Rae8 39.h5 Re2+ 40.Kd1 Rxb2 
41.Qxb2 Qxh5+ 42.Kc1 Qf7 43.Qd4 b6 44.Kc2 Re5 45.Kb3 g6 46.Qh4 Qe7 47.Qh6 
Qg7 48.Qg5 Re2 49.Qd8+ Qf8 50.Qxc7 Qe7 51.Qxe7 Rxe7 52.a4 Kg7 53.a5 f4 54.
Rd1 g5 55.c5 bxc5 56.b6 axb6 57.Kc4 bxa5 58.Kb5 f3 59.Kc6 f2 60.Rf1 Rf7 
61.Kxd6 g4 0-1

[Event "C.to Regionale Valle d'Aosta"]
[Site "Saint Vincent - Chatillon ITA"]
[Date "2001.09.20"]
[Round "6"]
[White "Scotti, Umberto"]
[Black "Catalano, Luigi"]
[Result "1-0"]
[WhiteElo "2162"]
[BlackElo "1570"]
[PlyCount "53"]
[EventDate "2001.09.15"]

1.d4 e6 2.Nf3 d5 3.e3 Nf6 4.Bd3 Bd6 5.Nbd2 Nbd7 6.b3 e5 7.dxe5 Nxe5 8.Bb2 
Nxd3+ 9.cxd3 O-O 10.O-O Bg4 11.Qc2 Be7 12.Rac1 Rc8 13.Ne5 Bh5 14.Ndf3 Ng4 
15.Nxg4 Bxg4 16.Ne5 Bh5 17.f4 f6 18.Nf3 b6 19.Nd4 Qd7 20.Qc6 Be8 21.Qc2 c5
22.Nf3 Bg6 23.Nh4 Bf7 24.Qe2 Bd6 25.e4 d4 26.Nf5 Bb8 27.Qg4 1-0

[Event "C.to Regionale Valle d'Aosta"]
[Site "Saint Vincent - Chatillon ITA"]
[Date "2001.09.20"]
[Round "6"]
[White "Yeuillaz, Corrado"]
[Black "Andre, Damien"]
[Result "1-0"]
[WhiteElo "2249"]
[BlackElo "2029"]
[PlyCount "49"]
[EventDate "2001.09.15"]

1.e4 c6 2.d4 d5 3.Nc3 dxe4 4.Nxe4 Nd7 5.Bc4 Ngf6 6.Ng5 e6 7.Qe2 Nb6 8.Bb3 
h6 9.N5f3 a5 10.a4 c5 11.dxc5 Bxc5 12.Ne5 Qc7 13.Ngf3 Nbd7 14.Nxf7 O-O 15.
Qxe6 Nb6 16.Qe5 Bxf2+ 17.Kf1 Qc5 18.Nxh6+ Kh7 19.Nf7 Nbd5 20.N7g5+ Kh8 21.
Ne4 Ne3+ 22.Bxe3 Qxe3 23.Nxf2 Qxf2+ 24.Kxf2 Ng4+ 25.Kg3 1-0

[Event "C.to Regionale Valle d'Aosta"]
[Site "Saint Vincent - Chatillon ITA"]
[Date "2001.09.21"]
[Round "7"]
[White "Barlocco, Carlo"]
[Black "Aurel, Luc"]
[Result "0-1"]
[WhiteElo "2130"]
[BlackElo "2212"]
[PlyCount "144"]
[EventDate "2001.09.15"]

1.d4 g6 2.e4 d6 3.Nc3 c6 4.Be3 Bg7 5.Nf3 Nf6 6.h3 O-O 7.Bd3 Nbd7 8.O-O Qc7
9.Qd2 b5 10.a4 b4 11.Ne2 a5 12.c3 bxc3 13.bxc3 Ba6 14.Rfb1 Bxd3 15.Qxd3 
Rfb8 16.Nd2 h5 17.Ra3 Rxb1+ 18.Qxb1 Rb8 19.Rb3 Rxb3 20.Qxb3 Qb6 21.Qxb6 
Nxb6 22.d5 c5 23.f3 Nxa4 24.Nc4 Nd7 25.Bd2 Kf8 26.Nxa5 Ke8 27.Kf2 Ndb6 28.
Ke3 Kd7 29.Kd3 Nb2+ 30.Kc2 N2c4 31.Nxc4 Nxc4 32.Bc1 Be5 33.Kb3 Nb6 34.c4 
Ke8 35.Bd2 Bf6 36.Ba5 Nd7 37.Bc3 Bxc3 38.Kxc3 Kf8 39.f4 Kg7 40.Ng1 f5 41.
exf5 gxf5 42.Nf3 Kf6 43.Ng5 Nf8 44.Kd3 e6 45.Nf3 exd5 46.cxd5 Ng6 47.g3 h4
48.gxh4 Nxf4+ 49.Kc4 Ng6 50.Ne1 Ne5+ 51.Kb5 f4 52.Nc2 f3 53.Ne3 f2 54.Ka4 
Kg6 55.Kb3 Nf3 56.Nf1 Kh5 57.Kc3 Kxh4 58.Kd3 Kxh3 59.Ke2 Nh2 60.Nxh2 Kxh2 
61.Kxf2 Kh3 62.Kf3 Kh4 63.Kf4 Kh5 64.Kf5 Kh6 65.Kf4 Kg6 66.Kg4 Kf6 67.Kf4 
Kg6 68.Kg4 Kf6 69.Kf4 Ke7 70.Ke3 Kd7 71.Kd3 Kc7 72.Kc3 Kb6 0-1

[Event "C.to Regionale Valle d'Aosta"]
[Site "Saint Vincent - Chatillon ITA"]
[Date "2001.09.21"]
[Round "7"]
[White "De Santis, Alessio"]
[Black "Bassi, Serena"]
[Result "1-0"]
[WhiteElo "2353"]
[BlackElo "1302"]
[PlyCount "39"]
[EventDate "2001.09.15"]

1.d4 Nf6 2.c4 g6 3.Nc3 Bg7 4.e4 d6 5.Be2 O-O 6.Bg5 e5 7.dxe5 dxe5 8.Qxd8 
Rxd8 9.Bxf6 Bxf6 10.Nd5 Nd7 11.Rd1 Bg5 12.Nf3 Bh6 13.Nxc7 Rb8 14.O-O f6 
15.c5 a6 16.b4 Rf8 17.Bc4+ Kg7 18.Ne6+ Kh8 19.Nxf8 Bxf8 20.Be6 1-0

[Event "C.to Regionale Valle d'Aosta"]
[Site "Saint Vincent - Chatillon ITA"]
[Date "2001.09.21"]
[Round "7"]
[White "Uhoda, Philippe"]
[Black "Scotti, Umberto"]
[Result "1/2-1/2"]
[WhiteElo "2205"]
[BlackElo "2162"]
[PlyCount "83"]
[EventDate "2001.09.15"]

1.d4 d5 2.c4 c6 3.Nf3 Nf6 4.e3 e6 5.Nc3 Nbd7 6.Bd3 dxc4 7.Bxc4 b5 8.Bd3 a6
9.e4 c5 10.e5 cxd4 11.Nxb5 Nxe5 12.Nxe5 axb5 13.Bxb5+ Bd7 14.Nxd7 Nxd7 15.
O-O Bc5 16.b4 Bb6 17.Bb2 e5 18.Qg4 Qe7 19.Bxd7+ Qxd7 20.Qxg7 O-O-O 21.Qxe5
Rhe8 22.Qf6 Re6 23.Qf3 Kb8 24.Qd3 Rg6 25.Rfd1 h5 26.a4 Qd5 27.f3 Qg5 28.
Rd2 h4 29.Re1 f5 30.a5 Bc7 31.Ree2 Qf4 32.g3 hxg3 33.Rg2 gxh2+ 34.Kh1 Re6 
35.Rd1 Rde8 36.Qb5+ Ka8 37.Qd5+ Kb8 38.Qb5+ Kc8 39.Rf1 Re1 40.Qa6+ Kb8 41.
Qb5+ Kc8 42.Qa6+ 1/2-1/2

[Event "C.to Regionale Valle d'Aosta"]
[Site "Saint Vincent - Chatillon ITA"]
[Date "2001.09.21"]
[Round "7"]
[White "Yeuillaz, Corrado"]
[Black "Bozzali, Ermanno"]
[Result "1-0"]
[WhiteElo "2249"]
[BlackElo "2099"]
[PlyCount "83"]
[EventDate "2001.09.15"]

1.e4 c5 2.Nf3 d6 3.g3 g6 4.Bg2 Bg7 5.O-O Nc6 6.c3 Nf6 7.Re1 O-O 8.d3 Bg4 
9.h3 Bd7 10.Na3 Ne8 11.d4 cxd4 12.cxd4 Nc7 13.d5 Na5 14.Rb1 Nb5 15.Nxb5 
Bxb5 16.Nd4 Bd7 17.b3 Rc8 18.Be3 e5 19.dxe6 fxe6 20.Qd2 Nc6 21.Nb5 Ne5 22.
Nxd6 Rc3 23.Qe2 Qc7 24.Red1 Rc2 25.Rd2 Rxd2 26.Qxd2 Nf3+ 27.Bxf3 Rxf3 28.
Rc1 Qb8 29.Nf5 Bc6 30.Ne7+ Kh8 31.Nxc6 bxc6 32.Bf4 e5 33.Kg2 exf4 34.Kxf3 
fxg3 35.fxg3 Qf8+ 36.Kg2 Qe7 37.Qd3 c5 38.Qd5 h5 39.Rf1 h4 40.Rf7 Qe8 41.
Rxa7 hxg3 42.Ra8 1-0

[Event "C.to Regionale Valle d'Aosta"]
[Site "Saint Vincent - Chatillon ITA"]
[Date "2001.09.22"]
[Round "8"]
[White "Aurel, Luc"]
[Black "Yeuillaz, Corrado"]
[Result "1/2-1/2"]
[WhiteElo "2212"]
[BlackElo "2249"]
[PlyCount "57"]
[EventDate "2001.09.15"]

1.e4 d5 2.exd5 Qxd5 3.Nc3 Qd6 4.g3 Nf6 5.Bg2 c6 6.d3 e6 7.Nf3 Nbd7 8.O-O 
Qc7 9.Bf4 Bd6 10.Bxd6 Qxd6 11.Qe2 O-O 12.d4 Rd8 13.a3 Nf8 14.Rad1 Bd7 15.
Ne5 Rac8 16.Rfe1 Qc7 17.h4 Be8 18.Kh1 b6 19.f4 Nd5 20.Ne4 Ne7 21.c3 Nf5 
22.Kh2 Nd6 23.Qf2 Nxe4 24.Bxe4 f6 25.Nd3 c5 26.dxc5 bxc5 27.f5 e5 28.g4 a5
29.Qg3 1/2-1/2

[Event "C.to Regionale Valle d'Aosta"]
[Site "Saint Vincent - Chatillon ITA"]
[Date "2001.09.22"]
[Round "8"]
[White "Bozzali, Ermanno"]
[Black "De Santis, Alessio"]
[Result "0-1"]
[WhiteElo "2099"]
[BlackElo "2353"]
[PlyCount "96"]
[EventDate "2001.09.15"]

1.e4 c5 2.Nf3 e6 3.d4 cxd4 4.Nxd4 a6 5.Nc3 Qc7 6.g3 Nf6 7.Bg2 h5 8.h4 Bc5 
9.O-O Nc6 10.Nb3 Ba7 11.Bf4 Ne5 12.Qd2 Nfg4 13.Nd4 f6 14.Rad1 b5 15.a4 b4 
16.Na2 Rb8 17.Nxb4 g5 18.hxg5 fxg5 19.Bxg5 h4 20.Qc3 Qxc3 21.bxc3 h3 22.
Bh1 a5 23.Nd3 Nc4 24.Rb1 Rxb1 25.Rxb1 Rg8 26.Bh4 h2+ 27.Kg2 Ba6 28.Nb5 
Bxb5 29.axb5 Bb6 30.f3 Nge3+ 31.Kxh2 Nxc2 32.Ne1 N2a3 33.Ra1 Nxb5 34.Nc2 
Kf7 35.Bg2 Nxc3 36.Bf1 Nd2 37.Kg2 Ra8 38.Ra3 Ndb1 39.Rb3 Bc5 40.Rb7 Ra7 
41.Rxa7 Bxa7 42.Bd8 a4 43.Ba5 Bc5 44.e5 a3 45.f4 Na2 46.Bc4 Nc1 47.Kf1 a2 
48.Ba6 Nb3 0-1

[Event "C.to Regionale Valle d'Aosta"]
[Site "Saint Vincent - Chatillon ITA"]
[Date "2001.09.22"]
[Round "8"]
[White "Scotti, Umberto"]
[Black "Barlocco, Carlo"]
[Result "1/2-1/2"]
[WhiteElo "2162"]
[BlackElo "2130"]
[PlyCount "37"]
[EventDate "2001.09.15"]

1.d4 d5 2.Nf3 Bf5 3.Bf4 e6 4.e3 Bd6 5.Bd3 Bxf4 6.exf4 Bxd3 7.Qxd3 Qd6 8.
O-O Nf6 9.f5 O-O 10.fxe6 fxe6 11.Nbd2 c5 12.c3 Nc6 13.Rfe1 Rae8 14.Ne5 
cxd4 15.cxd4 Nd7 16.Ndf3 Ndxe5 17.Nxe5 Rf5 18.Nxc6 Qxc6 19.Rac1 1/2-1/2

[Event "C.to Regionale Valle d'Aosta"]
[Site "Saint Vincent - Chatillon ITA"]
[Date "2001.09.22"]
[Round "8"]
[White "Zito, Domenico"]
[Black "Andre, Damien"]
[Result "0-1"]
[WhiteElo "1678"]
[BlackElo "2029"]
[PlyCount "114"]
[EventDate "2001.09.15"]

1.e4 c6 2.d4 d5 3.Nc3 dxe4 4.Nxe4 Nd7 5.Nf3 Ngf6 6.Bd3 Nxe4 7.Bxe4 Nf6 8.
Qd3 Bg4 9.Ne5 Be6 10.Bf3 g6 11.O-O Bg7 12.Be3 O-O 13.c3 Nd5 14.Nc4 Qc7 15.
g3 h5 16.Bg2 Rad8 17.Qe2 Rfe8 18.Rfe1 Bc8 19.Bd2 c5 20.dxc5 Qxc5 21.Ne3 
Nb6 22.Nc2 Nc4 23.Be3 Qc7 24.Nd4 a6 25.Rad1 e5 26.Nb3 Bg4 27.f3 Nxe3 28.
Qxe3 Be6 29.Qc5 Qb8 30.Qb6 Bd5 31.Re2 Rd6 32.Qc5 b6 33.Qb4 Bxf3 34.Rxd6 
Bxe2 35.Qxb6 Qxb6+ 36.Rxb6 e4 37.Kf2 Bb5 38.Rd6 e3+ 39.Ke1 Be5 40.Rd1 h4 
41.Nd4 Bd7 42.Nf3 Bg4 43.Rd5 Bg7 44.Nxh4 Rb8 45.Bf3 Be6 46.Rd6 Rxb2 47.
Nxg6 Bxc3+ 48.Kd1 Bxa2 49.Nf4 Bb3+ 50.Kc1 Rc2+ 51.Kb1 Ra2 52.Rd8+ Kg7 53.
Nh5+ Kh6 54.Rd6+ f6 55.Rxf6+ Bxf6 56.Nxf6 e2 57.Ng4+ Kg7 0-1

[Event "C.to Regionale Valle d'Aosta"]
[Site "Saint Vincent - Chatillon ITA"]
[Date "2001.09.23"]
[Round "9"]
[White "Bassi, Serena"]
[Black "Bozzali, Ermanno"]
[Result "0-1"]
[WhiteElo "1302"]
[BlackElo "2099"]
[PlyCount "56"]
[EventDate "2001.09.15"]

1.e4 c5 2.Nf3 e6 3.d4 cxd4 4.Nxd4 a6 5.Be3 Qc7 6.Be2 Nf6 7.Nd2 Nc6 8.Nxc6 
bxc6 9.f4 d5 10.e5 Nd7 11.Rf1 c5 12.c3 g6 13.Qc2 Bb7 14.Bf3 a5 15.Bf2 c4 
16.O-O-O a4 17.a3 Bc6 18.Kb1 Rb8 19.Ka1 Bc5 20.Nb1 Qb6 21.Bd4 Rb7 22.g4 
O-O 23.Rf2 Rfb8 24.Rg1 Qd8 25.g5 Bf8 26.Qc1 Nc5 27.Nd2 Nd3 28.Qd1 Rxb2 0-1

[Event "C.to Regionale Valle d'Aosta"]
[Site "Saint Vincent - Chatillon ITA"]
[Date "2001.09.23"]
[Round "9"]
[White "Scotti, Umberto"]
[Black "Aurel, Luc"]
[Result "0-1"]
[WhiteElo "2162"]
[BlackElo "2212"]
[PlyCount "66"]
[EventDate "2001.09.15"]

1.d4 g6 2.e4 d6 3.Nc3 c6 4.f4 d5 5.e5 h5 6.Be3 Nh6 7.Nf3 Bg4 8.Be2 Nf5 9.
Qd2 e6 10.O-O Nxe3 11.Qxe3 Nd7 12.Ng5 Bf5 13.Bd3 Be7 14.Bxf5 gxf5 15.Nf3 
b5 16.Ne2 a6 17.b3 Nb6 18.c3 Qc7 19.Nc1 c5 20.Nd3 c4 21.Nc5 Nd7 22.b4 a5 
23.a4 axb4 24.axb5 Rxa1 25.Rxa1 b3 26.Ra8+ Bd8 27.Ng5 Nxc5 28.dxc5 Qb7 29.
Rxd8+ Kxd8 30.c6 Qc7 31.Qc1 Qa7+ 32.Kf1 Rf8 33.b6 Qa2 0-1

[Event "C.to Regionale Valle d'Aosta"]
[Site "Saint Vincent - Chatillon ITA"]
[Date "2001.09.23"]
[Round "9"]
[White "Yeuillaz, Corrado"]
[Black "De Santis, Alessio"]
[Result "1/2-1/2"]
[WhiteElo "2249"]
[BlackElo "2353"]
[PlyCount "48"]
[EventDate "2001.09.15"]

1.c4 e5 2.Nc3 Bb4 3.g3 Bxc3 4.dxc3 Ne7 5.Bg2 Nbc6 6.Nf3 d6 7.O-O O-O 8.e4 
Be6 9.b3 h6 10.Be3 b6 11.Qd2 Qc8 12.Nh4 Bh3 13.Rae1 Bxg2 14.Kxg2 Qe6 15.
Kh1 Rae8 16.f3 Nd8 17.g4 g5 18.Nf5 Qf6 19.h4 Ne6 20.Rf2 Nf4 21.Rh2 Nxf5 
22.gxf5 Qg7 23.Bxf4 exf4 24.Rg1 f6 1/2-1/2

[Event "I Torneo De Finibus Terrae"]
[Site "Santa Maria di Leuca - Castrignano del Capo ITA"]
[Date "2001.09.??"]
[Round "?"]
[White "Lorusso, Lucio"]
[Black "Venturelli, Roberto"]
[Result "1/2-1/2"]
[WhiteElo "1836"]
[BlackElo "1800"]
[PlyCount "93"]
[EventDate "2001.09.13"]

1. e4 c5 2. Nf3 Nc6 3. d4 cxd4 4. Nxd4 Nf6 5. Nc3 e5 6. Nf5 d6 7. Qf3 a6 8. Be3
h6 9. Nd5 Nxd5 10. exd5 Nb8 11. Bd3 g6 12. Ng3 Bg7 13. Bd2 O-O 14. O-O-O f5 15.
Be2 Nd7 16. Qa3 Nc5 17. h4 f4 18. b4 fxg3 19. bxc5 Rxf2 20. Bf3 Bf5 21. Qe3
dxc5 22. Be4 Bxe4 23. Qxe4 Qf6 24. Rh3 Qf5 25. Qxf5 gxf5 26. Rxg3 f4 27. Rg4
Kf7 28. g3 Rg2 29. Rxg7+ Kxg7 30. gxf4 exf4 31. Bxf4 Rd8 32. Bc7 Rd7 33. Bb6
Rh2 34. Bxc5 Rxh4 35. Bd4+ Kg6 36. Bf2 Rg4 37. d6 h5 38. Rd3 Kf5 39. Rh3 Rxd6
40. Rxh5+ Ke4 41. Rh4 Rxh4 42. Bxh4 Kd4 43. Be7 Rd7 44. Bf6+ Kc4 45. Kb2 b5 46.
a3 a5 47. Bc3 1/2-1/2

[Event "I Torneo De Finibus Terrae"]
[Site "Santa Maria di Leuca - Castrignano del Capo ITA"]
[Date "2001.09.??"]
[Round "4"]
[White "Laketic, Gojko"]
[Black "Komarov, Dimitri"]
[Result "1/2-1/2"]
[WhiteElo "2444"]
[BlackElo "2525"]
[PlyCount "33"]
[EventDate "2001.09.13"]

1. e4 c5 2. c3 Nf6 3. e5 Nd5 4. d4 cxd4 5. Nf3 Nc6 6. cxd4 d6 7. Bc4 Nb6 8.
Bxf7+ Kxf7 9. Ng5+ Kg8 10. e6 h6 11. Qh5 hxg5 12. Qf7+ Kh7 13. Qh5+ Kg8 14.
Qf7+ Kh7 15. h4 g4 16. Qh5+ Kg8 17. Qf7+ 1/2-1/2

[Event "VI Festival A"]
[Site "Cesenatico ITA"]
[Date "2001.09.09"]
[Round "1"]
[White "Di Lao, Riccardo"]
[Black "Bonacci, Mauro"]
[Result "0-1"]
[WhiteElo "2045"]
[BlackElo "2202"]
[PlyCount "72"]
[EventDate "2001.09.09"]

1. d4 Nf6 2. c4 g6 3. Nc3 Bg7 4. e4 d6 5. f3 O-O 6. Bg5 Nc6 7. d5 Ne5 8. Qd2 c6
9. Rc1 Re8 10. h3 a5 11. f4 Ned7 12. Nf3 Nc5 13. Bd3 Qb6 14. Bb1 Nh5 15. Bh4
Qb4 16. O-O a4 17. e5 Qxc4 18. dxc6 bxc6 19. Ne2 Qd5 20. Qxd5 cxd5 21. g4 Ba6
22. gxh5 Bxe2 23. Rf2 Bc4 24. hxg6 hxg6 25. Ng5 e6 26. Kh1 dxe5 27. Rg1 e4 28.
b3 axb3 29. axb3 Nxb3 30. Rfg2 Bd4 31. Rd1 Ra1 32. Bc2 Rxd1+ 33. Bxd1 Ra8 34.
Kh2 Nc5 35. Kg3 f6 36. Nxe6 Nxe6 0-1

[Event "VI Festival A"]
[Site "Cesenatico ITA"]
[Date "2001.09.09"]
[Round "1"]
[White "Tomescu, Vlad"]
[Black "Trevelyan, John"]
[Result "1/2-1/2"]
[WhiteElo "2417"]
[BlackElo "2145"]
[PlyCount "70"]
[EventDate "2001.09.09"]

1. e4 d6 2. d4 e5 3. Nf3 Nd7 4. Nc3 Ngf6 5. h3 Be7 6. Be3 O-O 7. Qd2 c6 8. g4
b5 9. a3 Bb7 10. g5 Ne8 11. Rd1 Nc7 12. dxe5 Nxe5 13. Nxe5 dxe5 14. Qe2 Qe8 15.
h4 b4 16. axb4 Bxb4 17. Qc4 Qe7 18. f3 Ba6 19. Qxc6 Bxf1 20. Kxf1 Rac8 21. Qd7
Qxd7 22. Rxd7 Bxc3 23. bxc3 Nb5 24. Bd2 Nxc3 25. Kf2 f5 26. Ra1 Nb5 27. Ra5 a6
28. exf5 Rxf5 29. Rxa6 Nd4 30. Raa7 Rxf3+ 31. Ke1 Rb8 32. Rxg7+ Kf8 33. Rgb7
Nxc2+ 34. Kd1 Rxb7 35. Rxb7 Nd4 1/2-1/2

[Event "VI Festival A"]
[Site "Cesenatico ITA"]
[Date "2001.09.10"]
[Round "2"]
[White "Brancaleoni, Maurizio"]
[Black "Tomescu, Vlad"]
[Result "0-1"]
[WhiteElo "2196"]
[BlackElo "2417"]
[PlyCount "54"]
[EventDate "2001.09.09"]

1. e4 Nc6 2. Nf3 d6 3. d4 Nf6 4. Nc3 Bg4 5. Be2 e6 6. d5 exd5 7. exd5 Bxf3 8.
Bxf3 Ne5 9. Be2 Be7 10. O-O O-O 11. Re1 a6 12. a4 Re8 13. Bf1 h6 14. a5 Bf8 15.
Ne4 g6 16. Ra3 Ned7 17. Nxf6+ Qxf6 18. Rf3 Qh4 19. c4 h5 20. Rg3 Bg7 21. Bg5
Qd4 22. Rxe8+ Rxe8 23. Qa4 Re1 24. Re3 Rb1 25. b4 Ne5 26. Qc2 Rb2 27. Qc3 Nf3+
0-1